Statistics for Brasileirão Teams 2022

Click here to take the quiz!

General Stats

  • This quiz has been taken 628 times
  • The average score is 15 of 20

Answer Stats

Answer% Correct
Flamengo
94%
São Paulo
90%
Corinthians
89%
Santos
88%
Palmeiras
87%
Fluminense
85%
Atlético Mineiro
81%
Botafogo
80%
Internacional
78%
Fortaleza
70%
América
66%
Coritiba
66%
Athletico Paranaense
65%
Cuiabá
65%
Goiás
65%
Bragantino
63%
Ceará
60%
Atlético Goianiense
55%
Avaí
55%
Juventude
54%

Score Distribution

Percentile by Number Answered

Percent of People with Each Score

Your Score History

You have not taken this quiz